[Event "FRA-chT Poule Basse"]
[Site "France"]
[Date "2003.05.07"]
[Round "8.5"]
[White "Giffard, Nicolas"]
[Black "Lucchetti, Philippe"]
[Result "1-0"]
[WhiteElo "2317"]
[BlackElo "2181"]
[PlyCount "97"]
[EventDate "2003.05.07"]
[EventType "team-tourn"]
[EventRounds "4"]
[EventCountry "FRA"]
[SourceTitle "CBM 095"]
[Source "ChessBase"]
[SourceDate "2003.07.25"]
[SourceVersion "1"]
[SourceVersionDate "2003.07.25"]
[SourceQuality "1"]
[WhiteTeam "Drancy"]
[BlackTeam "Besancon"]
[WhiteTeamCountry "FRA"]
[BlackTeamCountry "FRA"]

1. g3 c5 2. Bg2 Nc6 3. c4 g6 4. e3 Bg7 5. Ne2 Nf6 6. Nbc3 0-0 7. d4 d6 8. 0-0 Bd7 9. d5 Na5 10. b3 a6 11. a4 Rb8 12. Bd2 Ng4 13. h3 Nf6 14. Ra2 e6 15. e4 exd5 16. exd5 Re8 17. Nc1 b6 18. N3e2 Ne4 19. Be1 Nb7 20. f3 Nf6 21. g4 b5 22. axb5 axb5 23. cxb5 Bxb5 24. Rf2 Qe7 25. Bc3 Qe3 26. Bd2 Bxe2 27. Nxe2 Qd3 28. Nf4 Qb5 29. Bf1 Qb6 30. Bc4 Nd7 31. Ra6 Qd8 32. Kg2 Bd4 33. Re2 Ne5 34. Nd3 Qf6 35. Nxe5 Bxe5 36. Ra7 Kg7 37. Rxb7 Rxb7 38. f4 Ra7 39. fxe5 Rxe5 40. Rf2 Qh4 41. Bc3 f6 42. Bxe5 fxe5 43. Qf3 Qe7 44. h4 h6 45. h5 gxh5 46. gxh5 Qg5+ 47. Kh3 e4 48. Qf8+ Kh7 49. Qf5+ 1-0

[Event "FRA Cup 8eme"]
[Site "Clichy"]
[Date "2003.??.??"]
[Round "3.4"]
[White "Lucchetti, Philippe"]
[Black "Verat, Laurent"]
[Result "0-1"]
[WhiteElo "2181"]
[BlackElo "2357"]
[PlyCount "106"]
[EventDate "2003.05.04"]
[EventType "team-tourn"]
[EventRounds "1"]
[EventCountry "FRA"]
[SourceTitle "EXT 2004"]
[Source "ChessBase"]
[SourceDate "2003.11.25"]
[SourceVersion "1"]
[SourceVersionDate "2003.11.25"]
[SourceQuality "1"]
[WhiteTeam "Besancon"]
[BlackTeam "Clichy"]
[WhiteTeamCountry "FRA"]
[BlackTeamCountry "FRA"]

1. e4 c5 2. c3 d5 3. Nf3 dxe4 4. Ng5 Qd5 5. Qa4+ Bd7 6. Qxe4 Nf6 7. Qxd5 Nxd5 8. Bc4 e6 9. d3 Nc6 10. Nf3 Be7 11. 0-0 0-0 12. Re1 Nb6 13. Bb3 Rfd8 14. Na3 Be8 15. Bc2 a6 16. Bf4 Nd5 17. Bg3 b5 18. Rad1 Bf6 19. Ne5 b4 20. cxb4 Ndxb4 21. Bb1 Nxe5 22. Bxe5 Bxe5 23. Rxe5 Rac8 24. Nc4 Bb5 25. Ree1 Rd4 26. a3 Nc6 27. b3 Bxc4 28. dxc4 Rcd8 29. Rxd4 Rxd4 30. Be4 Ne5 31. Kf1 g6 32. h3 a5 33. a4 Kg7 34. Re3 f5 35. Bxf5 Nxc4 36. bxc4 exf5 37. Re7+ Kf6 38. Ra7 Rxc4 39. Rxa5 Ke5 40. Ra7 Kd4 41. Ke2 Rc2+ 42. Ke1 c4 43. a5 Ra2 44. a6 Kc3 45. Ra8 Kc2 46. a7 c3 47. h4 f4 48. Kf1 Kc1 49. Ke1 c2 50. Ke2 Ra3 51. f3 Re3+ 52. Kf2 Re7 53. Kf1 Kd2 0-1

[Event "FRA-chT2"]
[Site "France"]
[Date "2001.10.14"]
[Round "1"]
[White "Lucchetti, Philippe"]
[Black "Leroy, Christophe"]
[Result "0-1"]
[WhiteElo "2221"]
[BlackElo "2195"]
[PlyCount "81"]
[EventDate "2002.??.??"]
[EventType "team-tourn"]
[EventRounds "11"]
[EventCountry "FRA"]
[SourceTitle "EXT 2003"]
[Source "ChessBase"]
[SourceDate "2002.11.25"]
[SourceVersion "1"]
[SourceVersionDate "2002.11.25"]
[SourceQuality "1"]

1. e4 e5 2. Nf3 Nc6 3. Bb5 Bc5 4. c3 Qf6 5. 0-0 Nge7 6. d4 exd4 7. Bg5 Qg6 8. Bxe7 Nxe7 9. cxd4 Bb6 10. Nc3 0-0 11. Ne5 Qf6 12. Na4 d6 13. Nxb6 axb6 14. Nd7 Qg5 15. Nxf8 Qxb5 16. Nxh7 Kxh7 17. d5 Qxb2 18. Rc1 c5 19. dxc6 Nxc6 20. Qxd6 Rxa2 21. Rb1 Qc2 22. Qf4 Qc4 23. Rfc1 Rc2 24. Rd1 f6 25. Rxb6 Qe2 26. Rbb1 Qh5 27. h3 Qh6 28. Qg3 Qg6 29. Qh4+ Qh6 30. Qg3 Ne5 31. Rd5 Rc1+ 32. Rxc1 Qxc1+ 33. Kh2 Be6 34. Rd8 Qh6 35. f4 Nc6 36. Rd3 Bc4 37. Rc3 b5 38. f5 Ne5 39. Qe3 Qxe3 40. Rxe3 b4 41. Re1 0-1

[Event "Besancon Masters"]
[Site "Besancon"]
[Date "2001.04.26"]
[Round "6"]
[White "Lucchetti, Philippe"]
[Black "Charnushevich, Aliaksei"]
[Result "0-1"]
[WhiteElo "2190"]
[BlackElo "2435"]
[PlyCount "52"]
[EventDate "2001.04.21"]
[EventType "tourn"]
[EventRounds "9"]
[EventCountry "FRA"]
[EventCategory "4"]
[SourceTitle "CBM 082 Extra"]
[Source "ChessBase"]
[SourceDate "2001.07.03"]
[SourceVersion "1"]
[SourceVersionDate "2001.07.03"]
[SourceQuality "1"]

1. e4 c5 2. c3 Nf6 3. Qa4 Nc6 4. Bb5 g6 5. Nf3 Qc7 6. 0-0 Bg7 7. d4 cxd4 8. cxd4 Nxe4 9. d5 Nc5 10. Qc4 Ne5 11. Nxe5 Bxe5 12. f4 Bf6 13. Be3 Bxb2 14. d6 exd6 15. Nc3 Ne6 16. Qxc7 Nxc7 17. Bd4 Bxa1 18. Re1+ Kf8 19. Bxh8 Bxc3 20. Bxc3 Nxb5 21. Bf6 b6 22. a4 Nc7 23. Be7+ Kg7 24. Bxd6 Ne6 25. g4 f5 26. Be5+ Kf7 0-1

[Event "FRA-ch qual"]
[Site "Bescanon"]
[Date "1999.08.18"]
[Round "1"]
[White "Klipper, Rebecca"]
[Black "Lucchetti, Philippe"]
[Result "0-1"]
[WhiteElo "2015"]
[BlackElo "2221"]
[PlyCount "50"]
[EventDate "1999.08.18"]
[EventType "swiss"]
[EventRounds "11"]
[EventCountry "FRA"]
[SourceTitle "EXT 2000"]
[Source "ChessBase"]
[SourceDate "1999.11.16"]
[SourceVersion "1"]
[SourceVersionDate "1999.11.16"]
[SourceQuality "1"]

1. d4 Nf6 2. c4 e6 3. Nc3 Bb4 4. Qc2 d5 5. Bg5 h6 6. Bxf6 Qxf6 7. a3 Bxc3+ 8. Qxc3 0-0 9. Nf3 dxc4 10. e3 b5 11. b3 Bb7 12. Ne5 c5 13. bxc4 cxd4 14. Qxd4 bxc4 15. Rd1 c3 16. Ng4 Qg5 17. h4 Qa5 18. Qb4 Qxb4 19. axb4 Nc6 20. Rc1 Nxb4 21. Rxc3 Rfc8 22. Rb3 a5 23. Be2 Rc1+ 24. Bd1 Rd8 25. Ke2 Ba6+ 0-1

[Event "Bourbon Lancy op"]
[Site "Bourbon Lancy"]
[Date "1998.10.31"]
[Round "9"]
[White "Lucchetti, Philippe"]
[Black "Corbet, Laurent"]
[Result "0-1"]
[WhiteElo "2200"]
[BlackElo "2155"]
[PlyCount "82"]
[EventDate "1998.10.??"]
[EventType "swiss"]
[EventRounds "9"]
[EventCountry "FRA"]
[SourceTitle "EXT 2000"]
[Source "ChessBase"]
[SourceDate "1999.11.16"]
[SourceVersion "1"]
[SourceVersionDate "1999.11.16"]
[SourceQuality "1"]

1. e4 e5 2. Nf3 d6 3. d4 exd4 4. Nxd4 g6 5. h4 Nf6 6. Nc3 Bg7 7. Be2 0-0 8. h5 Re8 9. hxg6 hxg6 10. Bg5 c6 11. Nb3 Qe7 12. f4 a5 13. a4 Na6 14. Bxa6 Rxa6 15. Qd3 d5 16. e5 Bf5 17. Qe2 Qb4 18. Bxf6 Bxf6 19. Qd2 Bg4 20. Qd4 Bd8 21. Qxb4 axb4 22. Nd1 f6 23. Nc5 fxe5 24. Nxa6 exf4+ 25. Kd2 bxa6 26. Re1 Rxe1 27. Kxe1 Bf5 28. c3 b3 29. Nf2 Bf6 30. Ke2 Bxc3 31. Nd3 Bd4 32. Rc1 c5 33. Nxc5 Bxb2 34. Rh1 Bc2 35. Kd2 d4 36. Ke2 Ba3 37. Nd3 b2 38. Nxb2 Bxb2 39. Kd2 Bxa4 40. Rb1 Bc3+ 41. Kd3 Bb5+ 0-1

[Event "FRA-chT2S 9798"]
[Site "France"]
[Date "1998.??.??"]
[Round "8"]
[White "Raetsky, Alexander"]
[Black "Lucchetti, Philippe"]
[Result "1-0"]
[WhiteElo "2440"]
[BlackElo "2200"]
[PlyCount "129"]
[EventDate "1997.??.??"]
[EventType "team-tourn"]
[EventRounds "9"]
[EventCountry "FRA"]
[SourceTitle "EXT 2003"]
[Source "ChessBase"]
[SourceDate "2002.11.25"]
[SourceVersion "1"]
[SourceVersionDate "2002.11.25"]
[SourceQuality "1"]

1. d4 Nf6 2. c4 e6 3. g3 Bb4+ 4. Nd2 c5 5. dxc5 Bxc5 6. Bg2 d5 7. Ngf3 0-0 8. 0-0 Nbd7 9. cxd5 exd5 10. Nb3 b6 11. Bf4 Bb7 12. Rc1 Re8 13. Nbd4 Nh5 14. Bg5 Be7 15. Bxe7 Rxe7 16. Nf5 Re6 17. N3d4 Rg6 18. e4 Nhf6 19. exd5 Nxd5 20. Re1 Kf8 21. Qb3 Nc5 22. Rxc5 bxc5 23. Qxb7 Rb6 24. Qxd5 Qxd5 25. Bxd5 Rd8 26. Bc4 cxd4 27. b3 Rf6 28. Nh4 d3 29. Rd1 d2 30. Kf1 g6 31. Ng2 Rfd6 32. Ke2 Re8+ 33. Ne3 Red8 34. a4 a5 35. Rb1 Rd4 36. Kd1 f5 37. Rb2 Kg7 38. Nf1 Kf6 39. Rxd2 g5 40. Rxd4 Rxd4+ 41. Kc2 f4 42. Nd2 g4 43. Kc3 fxg3 44. fxg3 Rd7 45. Bd3 h6 46. Nc4 Rd5 47. Ne3 Rg5 48. Kd4 h5 49. Nd5+ Ke6 50. Nf4+ Kf6 51. Bg6 Ke7 52. Bxh5 Rg8 53. Nd5+ Ke6 54. Ne3 Rd8+ 55. Ke4 Rb8 56. Bxg4+ Kf6 57. Be2 Kg6 58. Bc4 Re8+ 59. Kf4 Rf8+ 60. Kg4 Rf2 61. h4 Kf6 62. Nd5+ Ke5 63. Nf4 Kd4 64. h5 Ke5 65. Nd3+ 1-0